Biblical Figures Match Quiz Stats

 Plays Quiz Updated Dec 3, 2018

Support Sporcle.
Go Orange.
Score 0/32 Timer 05:00
5 Plays Today
% Correct
Noah
90.2%
Eve
89.7%
Moses
89.6%
David
88.7%
Cain
88.4%
Judas Iscariot
87.7%
Jonah
86.6%
Pontius Pilate
85.6%
Samson
84.4%
Lazarus
82%
Daniel
77.2%
Peter
76.1%
Sarah
75.5%
Thomas
75%
Paul
74.8%
Elizabeth
67.7%
% Correct
Ruth
67.1%
Rachel
62.1%
Esau
62.1%
Joseph of Arimathea
60.8%
Elijah
59.4%
Matthew
59.2%
Deborah
58.9%
Solomon
57.7%
Shadrach, Meschach, Abednego
56.4%
Jacob
51.5%
Isaac
51.1%
Saul
49.5%
Naaman
48.4%
Aaron
43.6%
Joshua
42.3%
Nehemiah
38.3%

You're not logged in!

Compare scores with friends on all Sporcle quizzes.
OR
Log In
Forgot?

From the Vault

15th or 16th Century

by kfastic

History 5m
A lot has changed since then.
Remove Ads.
Support Sporcle.
Get the best of Sporcle when you Go Orange. This ad-free experience offers more features, more stats, and more fun while also helping to support Sporcle. Thank you for becoming a member.

Show Comments

Extras

Top Quizzes Today


Score Distribution

Your Account Isn't Verified!

In order to create a playlist on Sporcle, you need to verify the email address you used during registration. Go to your Sporcle Settings to finish the process.

Report this User

Report this user for behavior that violates our Community Guidelines.

Details: